Comentarios de las alteraciones de los Estados de Flandes, sucedidas despues de la llegada del señor Don Iuan de Austria... (Record no. 5259)

MARC details
000 -LEADER
campo de control de longitud fija 01008npm a2200241 i 4500
001 - NÚMERO DE CONTROL
campo de control 5259
003 - IDENTIFICADOR DE NÚMERO DE CONTROL
campo de control ES-MaACL
005 - FECHA Y HORA DE LA ÚLTIMA TRANSACCIÓN
campo de control 20250804063336.0
007 - CAMPO FIJO DE DESCRIPCIÓN FÍSICA--INFORMACIÓN GENERAL
campo de control de longitud fija hzrazu bucu
008 - DATOS DE LONGITUD FIJA--INFORMACIÓN GENERAL
campo de control de longitud fija 900426r19901601sp a 00000 spa d
080 ## - NÚMERO DE LA CLASIFICACIÓN DECIMAL UNIVERSAL
Número de la Clasificación Decimal Universal 9(46:492/93)"15"
080 ## - NÚMERO DE LA CLASIFICACIÓN DECIMAL UNIVERSAL
Número de la Clasificación Decimal Universal 9(492/93)"15"
100 0# - ENTRADA PRINCIPAL--NOMBRE DE PERSONA
Nombre de persona Delrío, Martín Antonio,
Fechas asociadas al nombre 1551-1608
9 (RLIN) 43593
245 10 - MENCIÓN DEL TÍTULO
Título Comentarios de las alteraciones de los Estados de Flandes, sucedidas despues de la llegada del señor Don Iuan de Austria...
Resto del título : [Microforma] /
Mención de responsabilidad, etc. Compuestos en latin por Rolando Natin Miriteo y traduzidos... por Rodrigo de Medina y Marzilla.
260 ## - PUBLICACIÓN, DISTRIBUCIÓN, ETC.
Lugar de publicación, distribución, etc. Madrid :
Nombre del editor, distribuidor, etc. Ateneo Cientifico, Literario y Artistico,
Fecha de publicación, distribución, etc. 1990.
300 ## - DESCRIPCIÓN FÍSICA
Extensión 1 carrete de microfilme :
Otras características físicas negativo ;
Dimensiones 16 mm.
500 ## - NOTA GENERAL
Nota general Publicado originalmente: Madrid, Pedro de Madrigal, 1601.
650 14 - PUNTO DE ACCESO ADICIONAL DE MATERIA--TÉRMINO DE MATERIA
Término de materia o nombre geográfico como elemento de entrada Obras anteriores a 1800.
9 (RLIN) 15661
700 1# - ENTRADA AGREGADA--NOMBRE PERSONAL
Nombre de persona Medina y Marzilla, Rodrigo de.
9 (RLIN) 79759
852 ## - LOCALIZACIÓN
Ubicación ES-MaACL
Número de control de estantería MC-387
itemnumber 5376
942 ## - ELEMENTOS DE ENTRADA SECUNDARIOS (KOHA)
Fuente del sistema de clasificación o colocación Clasificación decimal universal
Tipo de ítem Koha Microforma
Holdings
Estatus retirado Estado de pérdida Fuente del sistema de clasificación o colocación Estado de daño No para préstamo Colección Biblioteca de origen Biblioteca actual Ubicación en estantería Fecha de adquisición Total de préstamos Signatura topográfica completa Código de barras Visto por última vez Precio de reemplazo Tipo de ítem Koha
    Clasificación decimal universal     Libros del s. XVII Biblioteca del Ateneo de Madrid Biblioteca del Ateneo de Madrid Depósito 1 17/01/2008   MC-387 1005322 23/02/2023 23/02/2023 Microforma